000
00265nam a22001217a 4500
008
170616b xxu||||| |||| 00| 0 eng d
041
_a
eng
080
_a
329
100
_a
20
101
_a
SHP
245
_a
POLITICAL PARTIES IN ACTION
_c
HOLT,R.H
942
_2
udc
_c
BK
999
_c
17769
_d
17769